|
|
|
|
| LEADER |
00000nam a2200000 a 4500 |
| 001 |
vtls001456493 |
| 003 |
SK-MaSNL |
| 005 |
20260301104048.0 |
| 008 |
240318s2003 xo g 0 slo |
| 015 |
|
|
|a SNBA2003/11-04385
|
| 020 |
|
|
|a 8071653861
|
| 035 |
|
|
|a SNK000411800
|
| 040 |
|
|
|a SNK
|b slo
|c SNK
|e AACR2
|
| 043 |
|
|
|a e-xo---
|
| 044 |
|
|
|a xo
|c SK
|
| 072 |
|
7 |
|a 94(430/439)
|x Dejiny krajín strednej Európy
|2 konspekt
|
| 072 |
|
7 |
|a 323
|x Vnútropolitický vývoj, politický život
|2 konspekt
|
| 080 |
|
|
|a 94(437.6)"1993"=162.4=111=511.141
|2 2. slo
|
| 080 |
|
|
|a 323(437.6)"1993"=162.4=111=511.141
|2 2. slo
|
| 080 |
|
|
|a 94(437.6)"1993"
|2 1981
|
| 080 |
|
|
|a 328/329
|2 1981
|
| 080 |
|
|
|a 323
|2 1981
|
| 080 |
|
|
|a (437.6)
|2 1981
|
| 080 |
|
|
|a (042.5)
|2 1981
|
| 100 |
1 |
|
|a Hrušovský, Pavol,
|d 1952-
|4 aut
|9 103307
|
| 245 |
1 |
0 |
|a Tvár krajiny
|b prejav predsedu parlamentu Pavla Hrušovského prednesený 1.1.2003...
|
| 250 |
|
|
|a [1. vyd.]
|
| 260 |
|
|
|a [Prešov]
|b Michal Vaško
|c 2003
|
| 300 |
|
|
|a 55 s.
|c 17 cm
|
| 500 |
|
|
|a Súbež. text angl., maď.
|
| 650 |
0 |
7 |
|a Slovenská republika, vznik, 1993
|2 SNK
|9 67866
|
| 651 |
|
7 |
|a Slovensko
|x pomery spoločenské
|y 1993-2002
|2 SNK
|9 442195
|
| 651 |
|
7 |
|a Slovensko
|x politika a vláda
|y r. 1993
|2 SNK
|9 442196
|
| 651 |
|
7 |
|a Slovensko
|x spoločnosť a politika
|y r. 1993
|2 SNK
|9 442197
|
| 655 |
|
7 |
|a príručky
|2 SNK
|9 74364
|
| 655 |
|
7 |
|a prejavy
|2 SNK
|9 70401
|
| 919 |
|
|
|a 80-7165-386-1
|
| 968 |
|
|
|d 93/94
|
| 999 |
|
|
|c 697146
|d 699076
|
| 952 |
|
|
|t P60, <04>, [BOOK], {604}
|a SNK
|b SNK
|y VYP
|7 0
|p 17A0380783
|o snkSD 73083 D1
|i snkKSP 8287/2003
|0 0
|1 0
|4 0
|d 2003-07-14
|l 0
|r 2005-01-02 00:00:00
|w 2026-02-23
|
| 952 |
|
|
|t P60, <03>, [BOOK], {603}
|a SNK
|b SNK
|y PREZ
|7 0
|p 17A0380782
|o snkSD 73083
|i snkKSP 8286/2003
|0 0
|1 0
|4 0
|d 2003-07-14
|l 0
|r 2025-11-20 00:00:00
|w 2026-02-23
|